Statistics for Guess the Famous Person

Click here to take the quiz!

General Stats

  • This quiz has been taken 33 times
  • The average score is 2 of 10

Answer Stats

Social MediaStar% Correct
TikTokCharli D'amelio
68%
YouTubePewDiePie
40%
ModelKendall Jenner
24%
Plastic Hearts, SingerMiley Cyrus
16%
InstagramCristiano Ronaldo
12%
Changes , SINGERJustin Bieber
12%
Evermore,SingerTaylor Swift
12%
DRIVERS LICENSEOlivia Rodriguez
8%
Wonder , SingerShawn Mendes
8%
ModelHailey Baldwin
0%

Score Distribution

Percentile by Number Answered

Percent of People with Each Score

Your Score History

You have not taken this quiz